[Event "TCh-AUT 2002-3"]
[Site "Jenbach AUT"]
[Date "2003.01.26"]
[Round "8"]
[White "Novkovic,Mi"]
[Black "Steflitsch,E"]
[Result "0-1"]
[WhiteElo "2395"]
[BlackElo "2396"]

1.Nf3 d5 2.g3 c6 3.Bg2 Bg4 4.O-O Nd7 5.d4 e6 6.Nbd2 Bd6 7.e4 Ne7 8.h3 Bh5
9.b3 O-O 10.Bb2 a5 11.c4 b5 12.Qc1 bxc4 13.bxc4 Rb8 14.c5 Bc7 15.e5 f6 16.Re1 fxe5
17.dxe5 Nxc5 18.Qxc5 Rxb2 19.Qc3 Rb4 20.a3 Rb8 21.Nd4 Bb6 22.N2b3 Bf7 23.Rac1 c5
24.Nb5 a4 25.Nxc5 Ba5 26.Nd4 Bxc3 27.Rxc3 Qa5 28.Rec1 Rb1 29.Rxb1 Qxc3 30.Ndxe6 Bxe6
31.Nxe6 Re8  0-1

[Event "Jose Marti Memorial"]
[Site "Las Tunas CUB"]
[Date "2003.01.27"]
[Round "3"]
[White "Leyva,Y"]
[Black "Rodriguez,Dag"]
[Result "0-1"]
[WhiteElo "2288"]
[BlackElo "2218"]

1.Nf3 d5 2.g3 Nf6 3.Bg2 c6 4.O-O Bf5 5.d3 e6 6.Nbd2 Nbd7 7.b3 Be7 8.Bb2 h6
9.c4 O-O 10.Rc1 Re8 11.Rc2 Bf8 12.Qa1 Bh7 13.Rfc1 c5 14.Ne5 d4 15.Nxd7 Qxd7
16.b4 Rad8 17.bxc5 Bxc5 18.Nb3 b6 19.a4 e5 20.Ba3 Qc7 21.Bxc5 bxc5 22.Qa3 Nd7
23.Bh3 f5 24.Rb2 Rb8 25.Rcb1 a5 26.Nc1 Rb4 27.Na2 Rxb2 28.Rxb2 Rb8 29.Rb5 Re8
30.Nc1 e4 31.dxe4 fxe4 32.e3 d3 33.Nb3 Ne5 34.Qxc5 Qf7 35.Nd2 Kh8 36.Qd5 Qf6
37.Rb7 Rf8 38.f4 exf3 39.Kf2 Bf5 40.Bxf5 Qxf5 41.Qd4  0-1

[Event "GMA"]
[Site "Bermuda BER"]
[Date "2003.01.30"]
[Round "6"]
[White "Markowski,T"]
[Black "Motylev,A"]
[Result "1/2-1/2"]
[WhiteElo "2574"]
[BlackElo "2640"]

1.g3 d5 2.Nf3 g6 3.c4 d4 4.Bg2 Bg7 5.O-O c5 6.e3 Nc6 7.exd4 cxd4 8.d3 Nf6
9.Na3 O-O 10.Nc2 a5 11.b3 Nd7 12.Ba3 Qb6 13.Qd2 Nc5 14.Bxc5 Qxc5 15.a3 Qh5
16.Qg5 Qxg5 17.Nxg5 Ne5 18.Rad1 Bg4 19.f3 Bf5 20.Nxd4 Bxd3 21.Rfe1 Rfd8 22.Nde6 fxe6
23.Nxe6 Nc6 24.Nxd8 Rxd8 25.Re3 Bf5 26.Rxd8+ Nxd8 27.Rxe7 Kf8 28.Re2 Bd4+
29.Kh1 Bc5 30.b4 axb4 31.axb4 Bxb4 32.f4 b6 33.Bd5 h5 34.Kg2 Nf7 35.Ra2 Nd6
36.Ra7 Bc5 37.h3 Bd3 38.Ra4 Be2 39.Ra8+ Ke7 40.Ra7+ Kf8 41.Ra8+ Ke7 42.Ra7+ Kf6
43.Rd7 g5 44.fxg5+ Kxg5 45.Re7 Bd3 46.Re5+ Kg6 47.Bf3 Nxc4 48.Rxh5 Ne3+ 49.Kh2 Nf1+
50.Kg2 Ne3+ 51.Kh2 Nf1+  1/2-1/2

[Event "Gibraltar Masters"]
[Site "Catalan Bay ENG"]
[Date "2003.01.31"]
[Round "4"]
[White "Johansen,D"]
[Black "Shaw,J"]
[Result "1-0"]
[WhiteElo "2487"]
[BlackElo "2470"]

1.Nf3 d5 2.g3 Nf6 3.Bg2 c6 4.O-O Bf5 5.d3 e6 6.b3 h6 7.Bb2 Be7 8.Nbd2 O-O
9.c4 a5 10.a3 Nbd7 11.Ra2 Bh7 12.Qa1 Re8 13.Ne5 Nxe5 14.Bxe5 Bd6 15.Rc1 Bxe5
16.Qxe5 Qb6 17.h3 Nd7 18.Qa1 Ra7 19.Rac2 Rea8 20.Qb2 Qd8 21.Nf3 Qe7 22.Kh2 Bg6
23.Rd2 Ra6 24.Rdc2 Rb6 25.Nd2 Bh5 26.Re1 Qf6 27.Qxf6 Nxf6 28.cxd5 exd5 29.g4 Bg6
30.f4 Kf8 31.e4 dxe4 32.dxe4 Rd8 33.Re3 Rd4 34.f5 Bh7 35.Bf1 c5 36.e5 Nd7
37.Nf3 Rd1 38.Be2 Rd5 39.Bc4 Rd1 40.a4 Nb8 41.Bb5 Rd5 42.Rec3 Nd7 43.Rd2 Rxd2+
44.Nxd2 Nxe5 45.Rxc5 f6 46.Rc8+ Kf7 47.Rc7+ Kf8 48.Nc4 Nxc4 49.Bxc4  1-0

[Event "National I"]
[Site "Sautron FRA"]
[Date "2003.01.31"]
[Round "1"]
[White "Cornette,M"]
[Black "Payen,A"]
[Result "1-0"]
[WhiteElo "2329"]
[BlackElo "2359"]

1.Nf3 d5 2.g3 Nf6 3.Bg2 c6 4.O-O Bf5 5.d3 h6 6.Nfd2 e6 7.e4 dxe4 8.dxe4 Bh7
9.e5 Nd5 10.Ne4 Bxe4 11.Bxe4 Nd7 12.Re1 Qc7 13.Qh5 g6 14.Bxg6 fxg6 15.Qxg6+ Kd8
16.c4 N5b6 17.Qxe6 Bb4 18.Nc3 Re8 19.Qxh6 Nxe5 20.Bg5+ Be7 21.Rad1+ Nbd7
22.Bf4 Bf8 23.Bxe5 Qxe5 24.Qh4+ Be7 25.Rxd7+  1-0

[Event "GMA"]
[Site "Bermuda BER"]
[Date "2003.02.02"]
[Round "8"]
[White "Markowski,T"]
[Black "Movsesian,S"]
[Result "1-0"]
[WhiteElo "2574"]
[BlackElo "2663"]

1.g3 d5 2.Nf3 g6 3.c4 d4 4.Bg2 Bg7 5.O-O c5 6.d3 Nc6 7.Na3 Nf6 8.Nc2 O-O
9.a3 a5 10.b3 e5 11.Rb1 e4 12.Ng5 exd3 13.exd3 Bg4 14.Qd2 h6 15.h3 Bf5 16.Nf3 Qc8
17.Kh2 Nd7 18.Nh4 Be6 19.f4 Ne7 20.g4 Qc7 21.Kg1 f5 22.Qe2 Ra6 23.Bd2 Bf6
24.g5 hxg5 25.fxg5 Be5 26.Nf3 Bg7 27.b4 axb4 28.axb4 Bf7 29.bxc5 Nc6 30.Rb5 Re8
31.Qf2 Ra2 32.Nfe1 Nde5 33.Qg3 Re7 34.Bf4 Qc8 35.Rb1 Ra5 36.Na1 Nd7 37.Nb3 Ra2
38.Rf2 Qa8 39.Nc2 Qa4 40.Qf3 Nde5 41.Qd1 Nxd3 42.Qxd3 Bxc4 43.Qg3 d3 44.Ne3 Bxb3
45.Rxb3 Qxb3 46.Bd5+ Qxd5 47.Nxd5 Re1+ 48.Kg2 Ree2 49.Rxe2 dxe2 50.Kf2 e1=Q+
51.Kxe1 Ra1+ 52.Kd2 Ra2+ 53.Kd1 Nd4 54.Nf6+ Bxf6 55.gxf6 Ra1+ 56.Kd2 Ra2+
57.Kd3  1-0

[Event "GMA"]
[Site "Bermuda BER"]
[Date "2003.02.05"]
[Round "11"]
[White "Markowski,T"]
[Black "Shabalov,A"]
[Result "1/2-1/2"]
[WhiteElo "2574"]
[BlackElo "2613"]

1.g3 d5 2.Nf3 g6 3.c4 c6 4.Qa4 e6 5.Bg2 Nd7 6.Qb3 Bg7 7.O-O Ne7 8.d4 O-O
9.Nc3 a5 10.cxd5 exd5 11.Rd1 Nb6 12.Bg5 Re8 13.e4 h6 14.Bxe7 Rxe7 15.e5 Bf5
16.Ne2 Nc4 17.Qc3 a4 18.b3 Nd6 19.Qb4 Ne4 20.Nh4 Bc8 21.bxa4 Re8 22.Bxe4 dxe4
23.Nc3 Bg4 24.Re1 Bf8 25.Qb3 Be6 26.Qxb7 Qxd4 27.Nxe4 Qxe5 28.Nf3 Qb8 29.Qxc6 Rc8
30.Qb5 Bg7 31.Qxb8 Rcxb8 32.Rac1 Bg4 33.Kg2 Rxa4 34.h3 Bxf3+  1/2-1/2

[Event "Gibraltar Masters"]
[Site "Catalan Bay ENG"]
[Date "2003.02.06"]
[Round "10"]
[White "Plaskett,J"]
[Black "Shaw,J"]
[Result "0-1"]
[WhiteElo "2467"]
[BlackElo "2470"]

1.Nf3 d5 2.g3 Nf6 3.Bg2 c6 4.O-O Bf5 5.d3 e6 6.Nbd2 h6 7.b3 Be7 8.Bb2 O-O
9.c4 a5 10.a3 Bh7 11.Bc3 Na6 12.Qc2 c5 13.e4 Nc7 14.Rae1 Nd7 15.Bb2 Bd6 16.cxd5 exd5
17.exd5 Nxd5 18.Ne5 N7b6 19.Ndc4 f6 20.Nxd6 Qxd6 21.Nc4 Qc7 22.Be4 f5 23.Be5 Qd7
24.Bh1 f4 25.Nxb6 Nxb6 26.Qxc5 Ra6 27.Bxf4 Rxf4 28.gxf4 Bxd3 29.f5 Bxf1 30.Kxf1 Qd3+
31.Kg1 Nd7 32.Qd5+ Qxd5 33.Bxd5+ Kf8 34.Bxb7 Rd6 35.Re3 Rd1+ 36.Kg2 Ra1 37.Bc6 Nf6
38.b4 axb4 39.axb4 Rb1 40.b5 Rb2 41.Kf3 Kf7  0-1

[Event "11th Aosta Open"]
[Site "Saint Vincent ITA"]
[Date "2003.02.09"]
[Round "2"]
[White "Geveke,M"]
[Black "Flear,G"]
[Result "1/2-1/2"]
[WhiteElo "2285"]
[BlackElo "2503"]

1.Nf3 d5 2.g3 c5 3.Bg2 f6 4.d4 cxd4 5.Nxd4 e5 6.Nb3 Ne7 7.e4 Be6 8.c3 Na6
9.exd5 Bxd5 10.Bxd5 Qxd5 11.Qxd5 Nxd5 12.O-O Be7 13.a3 Rc8 14.Rd1 Nb6 15.Na5 Rc7
16.Be3 Kf7 17.c4 Nxc4 18.Nxc4 Rxc4 19.Bxa7 Rc2 20.Nc3 Rxb2 21.Rdb1 Rxb1+
22.Rxb1 Rc8 23.Nd5 Bxa3 24.Rxb7+ Kg8 25.Bb6 Rc1+ 26.Kg2 Bc5 27.Ne7+ Bxe7
28.Rxe7 Rc6 29.Be3 Nc7 30.Rd7 Ne6 31.g4 h6 32.h4 Rc4 33.Kg3 g5 34.hxg5 hxg5
35.Kf3 Ra4 36.Re7 Nf8 37.Ra7 Rc4 38.Kg3 Ng6 39.Rd7 Kf8 40.Ra7 Ne7 41.Rd7 Kf7
42.Ra7 Ke6 43.Ra6+ Nc6 44.Ra8 Rb4 45.Re8+ Kf7 46.Rc8 Ne7 47.Rc7 Rb3 48.Ra7 Rc3
49.Kf3 Ke6 50.Ra6+ Nc6 51.Ke4 Rc4+ 52.Kf3 Kd5 53.Ra8 e4+ 54.Kg3 Rb4 55.Rf8 Ke6
56.Re8+ Kf7 57.Rc8 Ne5 58.Rf8+ Kg7 59.Rc8 Rb3 60.Rc7+ Kf8 61.Rc8+ Kf7 62.Rc7+ Ke6
63.Rc8 Kd7 64.Rc5 Kd6 65.Rc1 Rd3 66.Rc2 Kd5 67.Rc5+ Ke6 68.Rc8 Rd1 69.Rc1 Rxc1
70.Bxc1 Nc4 71.f4 exf3 72.Kxf3 Kd5 73.Kf2 Kd4 74.Kg3 Ke4 75.Kf2 Kd3 76.Kf3 Kc2
77.Bf4 Kd3 78.Bc7 Ne5+ 79.Kg3 Ke2 80.Bd8 Nd7 81.Be7 Ke3 82.Bd8 Ke4 83.Be7 Kd5
84.Kh3 Kd4 85.Kg3 Ke4 86.Bd8 Ke3 87.Be7 Ke2 88.Kg2 Ke3  1/2-1/2

[Event "Bundesliga 2002-3"]
[Site "Stuttgart GER"]
[Date "2003.02.09"]
[Round "11"]
[White "Lau,R"]
[Black "Doettling,F"]
[Result "1/2-1/2"]
[WhiteElo "2506"]
[BlackElo "2520"]

1.Nf3 d5 2.g3 c6 3.Bg2 Bg4 4.b3 Nd7 5.Bb2 e6 6.O-O Ngf6 7.d3 Bd6 8.Nbd2 O-O
9.h3 Bh5 10.Qe1 e5 11.e4 Re8 12.Nh4 Qc7 13.Rc1 dxe4 14.dxe4 b5 15.Nf5 Bf8
16.a3 a5 17.Kh1 Nc5 18.f4 Nfd7 19.Ne3 f6 20.f5 Bf7 21.h4 Be7 22.Qe2 Nf8 23.Bf3 Rad8
24.Rg1 h6 25.Ndf1 Nh7 26.Rd1 Rxd1 27.Nxd1 Rd8 28.Nf2  1/2-1/2

[Event "11th Aosta Open"]
[Site "Saint Vincent ITA"]
[Date "2003.02.11"]
[Round "4"]
[White "Azmaiparashvili,Z"]
[Black "Flear,G"]
[Result "1-0"]
[WhiteElo "2678"]
[BlackElo "2503"]

1.Nf3 d5 2.g3 c5 3.Bg2 Nc6 4.d4 e6 5.O-O Qb6 6.e3 Nf6 7.b3 Bd7 8.Bb2 cxd4
9.exd4 Be7 10.Nbd2 O-O 11.Re1 Rac8 12.Ne5 Rfd8 13.Nxd7 Rxd7 14.c3 Qd8 15.Bf1 Rb8
16.a4 a6 17.b4 b5 18.Bd3 Ne8 19.Nb3 Ra7 20.Nc5 Nd6 21.Qg4 Bf6 22.Bc1 Rc8
23.Bf4 Nc4 24.axb5 axb5 25.Rxa7 Nxa7 26.Nxe6 fxe6 27.Qxe6+ Kh8 28.Qh3 Qg8
29.Ra1 Ra8 30.Ra6 Nb2 31.Bc2 Na4 32.Bd2 Bd8 33.Qd7 Bb6 34.Bxa4 bxa4 35.Rxb6 Nc8
36.Rb7 a3 37.Bh6 gxh6 38.Qf5 Qg7 39.Rxg7 Kxg7 40.Qd7+ Kf8 41.Qf5+ Kg7 42.Qe5+ Kf8
43.Qh8+ Ke7 44.Qxh7+ Kd8 45.Qb7 Ra7 46.Qxd5+ Ke7 47.Qa2 Nd6 48.c4 Kd8 49.c5 Nb5
50.Kg2 Nc3 51.Qg8+ Kc7 52.Qf7+ Kb8 53.Qe8+ Kb7 54.Qd7+ Kb8 55.Qd8+ Kb7 56.Qb6+  1-0

[Event "Hotel Opatija GM Feb"]
[Site "Rijeka CRO"]
[Date "2003.02.12"]
[Round "8"]
[White "Dizdarevic,E"]
[Black "Fercec,N"]
[Result "1-0"]
[WhiteElo "2502"]
[BlackElo "2484"]

1.Nf3 d5 2.g3 c6 3.Bg2 Nf6 4.O-O Bg4 5.d3 e6 6.c4 Nbd7 7.cxd5 exd5 8.Qc2 Be7
9.Nc3 O-O 10.h3 Bh5 11.e4 Bxf3 12.Bxf3 Ne5 13.Be2 c5 14.Bg5 dxe4 15.dxe4 Nc6
16.Rae1 Nd4 17.Qc1 Rc8 18.Kg2 Nd7 19.Be3 Ne5 20.Qd1 Nxe2 21.Qxe2 Qd3 22.f4 Qxe2+
23.Rxe2 Nc4 24.Nd5 Rfe8 25.Rc1 Nxe3+ 26.Rxe3 Bf8 27.Kf3 c4 28.Rec3 b5 29.b3 Bc5
30.a4 a6 31.axb5 axb5 32.bxc4 b4 33.Rb3 Re6 34.Rcb1 Bf8 35.c5 Bxc5 36.Rc1 Rec6
37.Nxb4 Bxb4 38.Rxc6 Rxc6 39.Rxb4 Rc3+ 40.Kg4 h5+ 41.Kh4 f6 42.Rb5 Re3 43.e5 g6
44.Rb8+ Kg7 45.Rb7+ Kh6 46.exf6 Re4 47.Rb5 Ra4 48.f7 Ra8 49.Re5 Rf8 50.Re7  1-0

[Event "11th Aosta Open"]
[Site "Saint Vincent ITA"]
[Date "2003.02.13"]
[Round "6"]
[White "Kveinys,A"]
[Black "Papa,S"]
[Result "1/2-1/2"]
[WhiteElo "2541"]
[BlackElo "2356"]

1.Nf3 d5 2.g3 c6 3.Bg2 Nf6 4.O-O Bg4 5.d4 e6 6.Nbd2 Nbd7 7.Re1 Be7 8.e4 dxe4
9.Nxe4 Nxe4 10.Rxe4 Bh5 11.Re1 O-O 12.c3 Qb6 13.Qe2 Rfd8 14.h3 Rac8 15.a4 a5
16.Bf4 Bxf3 17.Bxf3 Nf6 18.h4 Rd7 19.Kg2 Rcd8 20.Be5 Ne8 21.Be4 Bd6 22.Qc2 g6
23.Bxd6 Rxd6 24.h5 e5 25.hxg6 hxg6 26.Rh1 exd4 27.Rh4 dxc3 28.Qxc3 Nf6 29.Bf3 Rd2
30.Rf1 Qxb2 31.Qe3 R8d4 32.Rh3 R4d3 33.Qa7 Qd4 34.Qxa5 Nd7 35.Rh4 Qe5 36.Qb4 Rb2
37.Qc4 Qe3 38.Qe4 Qxe4 39.Rxe4 Rdd2 40.a5 Nc5 41.Re8+ Kg7 42.g4 Ne6 43.a6 bxa6
44.Bxc6 g5 45.Bf3 a5 46.Ra8 Ra2 47.Ra7 Nf4+ 48.Kg3 Ra3 49.Re1 Ng6 50.Re3 Raa2
51.Bc6 Nh4 52.Re5 Ra3+ 53.f3 Rg2+ 54.Kh3 Ra1 55.Rxg5+ Kf6 56.Rf5+ Kg6 57.Rg5+ Kxg5
58.f4+ Kxf4 59.Bxg2 Nxg2 60.Rxf7+ Kg5 61.Rf5+ Kg6  1/2-1/2

[Event "TCh-CZE 2002-3"]
[Site "Czech Rep CZE"]
[Date "2003.02.15"]
[Round "6"]
[White "Chloupek,S"]
[Black "Neckar,L"]
[Result "1-0"]
[WhiteElo "2350"]
[BlackElo "2297"]

1.Nf3 d5 2.g3 e6 3.Bg2 Nf6 4.O-O Be7 5.c4 O-O 6.d4 b6 7.Nc3 Bb7 8.cxd5 exd5
9.Bf4 Na6 10.Rc1 c5 11.dxc5 bxc5 12.Ne5 Nc7 13.Qa4 Ne6 14.Rfd1 Nxf4 15.gxf4 Rb8
16.e3 a6 17.Rc2 Qd6 18.Rcd2 Qe6 19.Nxd5 Nxd5 20.Bxd5 Bxd5 21.Rxd5 Rxb2 22.R5d2 Rxd2
23.Rxd2 Bf6 24.Qd7 Qb6 25.Qd5 Bxe5 26.fxe5 Rc8 27.Qd7 Rb8 28.Qd6 Qb1+ 29.Rd1 Qg6+
30.Kf1 Qxd6 31.Rxd6 Kf8 32.Rxa6 Ke7 33.f4 g6 34.h4 Rb2 35.Rc6 Rxa2  1-0

[Event "TCh-FIN 2002-3"]
[Site "Finland FIN"]
[Date "2003.02.15"]
[Round "7"]
[White "Jouhki,Y"]
[Black "Johansson,Ju"]
[Result "1-0"]
[WhiteElo "2298"]
[BlackElo "2127"]

1.Nf3 d5 2.g3 Nf6 3.Bg2 e6 4.O-O Be7 5.c4 O-O 6.b3 c5 7.Bb2 Nc6 8.e3 b6 9.Nc3 Ba6
10.d3 Qd7 11.cxd5 exd5 12.Re1 Rad8 13.d4 Ne4 14.a3 Rfe8 15.Rc1 Bf8 16.Ne2 f6
17.Nf4 g5 18.Ne2 Qf5 19.Rf1 c4 20.b4 Ne7 21.Nc3 Qe6 22.Nd2 f5 23.Nf3 h6 24.h4 g4
25.Ne5 h5 26.Ne2 Bh6 27.Re1 Bb7 28.b5 Nc8 29.a4 Ncd6 30.Ba3 Rc8 31.Qc2 Nf7
32.Nf4 Bxf4 33.exf4 Nfd6 34.Kh2 Kg7 35.f3 Nf6 36.Nc6 Qd7 37.Nxa7 Ra8 38.Nc6 Rxe1
39.Rxe1 Re8 40.Re5 gxf3 41.Bxf3 Nde4 42.Ne7 Ng4+ 43.Bxg4 fxg4 44.f5 c3 45.Qd3 Kh8
46.Qe3 Kg7 47.Rxe4 dxe4 48.Qg5+ Kh8 49.Qh6+  1-0

[Event "TCh-FIN 2002-3"]
[Site "Finland FIN"]
[Date "2003.02.15"]
[Round "7"]
[White "Sepp,O"]
[Black "Maki Uuro,Mi"]
[Result "0-1"]
[WhiteElo "2430"]
[BlackElo "2338"]

1.Nf3 d5 2.g3 Nc6 3.d4 Bf5 4.Bg2 Nb4 5.Na3 e6 6.c3 Nc6 7.b3 Nf6 8.O-O Be7
9.c4 O-O 10.Bb2 a5 11.Ne5 a4 12.bxa4 Nxe5 13.dxe5 Ne4 14.cxd5 exd5 15.Nc2 Nc5
16.Ne3 Be4 17.Nxd5 Bxg2 18.Kxg2 Nxa4 19.Rb1 Ra5 20.e4 Nxb2 21.Rxb2 c6 22.Nxe7+ Qxe7
23.f4 Rd8 24.Qe2 Ra4 25.Rd1 Rad4 26.Rbd2 Qb4 27.Rxd4 Rxd4 28.Rxd4 Qxd4 29.Kf3 h5
30.Kg2 g6 31.Kh3 b5 32.Qc2 Qc4 33.Qg2 b4 34.g4 Qc3+ 35.Kh4 hxg4 36.Qxg4 Kg7
37.e6 Qe1+ 38.Kh3  0-1

[Event "TCh-FIN 2002-3"]
[Site "Finland FIN"]
[Date "2003.02.15"]
[Round "7"]
[White "Tolonen,L"]
[Black "Tiitta,S"]
[Result "1-0"]
[WhiteElo "2347"]
[BlackElo "2256"]

1.Nf3 d5 2.g3 g6 3.Bg2 Bg7 4.d4 c5 5.O-O cxd4 6.Nxd4 Nf6 7.c4 O-O 8.cxd5 Nxd5
9.Nc3 Nb4 10.Ndb5 Qa5 11.a3 N8c6 12.Be3 Na6 13.Qc1 Bf5 14.b4 Qd8 15.Ra2 Qc8
16.Rd1 Rd8 17.Rxd8+ Nxd8 18.Nd5 Qxc1+ 19.Bxc1 Kf8 20.Be3 Nc6 21.Rd2 Rd8 22.Nxa7 Nxa7
23.Bxa7 Bc3 24.Rd1 Bb2 25.b5 Ra8 26.Be3 Nb8 27.Nc7 Rxa3 28.Bh6+ Bg7 29.Rd8+  1-0

[Event "Hotel Opatija GM Feb"]
[Site "Rijeka CRO"]
[Date "2003.02.15"]
[Round "13"]
[White "Vukic,M"]
[Black "Fercec,N"]
[Result "0-1"]
[WhiteElo "2514"]
[BlackElo "2484"]

1.Nf3 d5 2.g3 c5 3.Bg2 Nc6 4.c4 d4 5.d3 e5 6.O-O f6 7.e3 dxe3 8.fxe3 Bg4
9.Nc3 Qd7 10.e4 h5 11.Nd5 h4 12.Be3 hxg3 13.hxg3 Nd4 14.Qd2 O-O-O 15.Rae1 Ne7
16.Bxd4 cxd4 17.Nh4 Kb8 18.Qf2 Qe8 19.Bf3 Bh3 20.Bg2 Bg4 21.Rb1 Qh5 22.Bf3 Nxd5
23.cxd5 Bxf3 24.Qxf3 Qg5 25.Kf2 Rc8 26.Qe2 g6 27.Nf3 Qh5 28.Rbc1 Rxc1 29.Rxc1 Bh6
30.Rc2 Be3+ 31.Ke1 Qg4 32.Qg2 Rh3 33.d6 Rh8 34.Nh4 Rh6 35.Qf3 Qh3 36.Qxf6 Qxg3+
37.Ke2 a6 38.Qf8+ Ka7 39.Rc8 Qg4+ 40.Nf3 Qg2+  0-1

[Event "11th Aosta Open"]
[Site "Saint Vincent ITA"]
[Date "2003.02.15"]
[Round "8"]
[White "Ibrahimov,R"]
[Black "Voiska,M"]
[Result "1-0"]
[WhiteElo "2462"]
[BlackElo "2343"]

1.Nf3 d5 2.g3 c6 3.Bg2 Bg4 4.O-O Nd7 5.d3 Ngf6 6.Nbd2 e6 7.b3 Be7 8.Bb2 O-O
9.c4 a5 10.a3 Qb8 11.Qc2 h6 12.e4 dxe4 13.dxe4 Rd8 14.Bc3 Bh5 15.b4 axb4
16.axb4 Rxa1 17.Rxa1 Bg6 18.Qb2 Ne8 19.c5 Bf8 20.Re1 Nc7 21.Nc4 Nb5 22.Nfe5 Nxc3
23.Nxg6 Na4 24.Qc2 fxg6 25.Qxa4 Ne5 26.Na5 g5 27.Qb3 Re8 28.Qc3 Kh8 29.Rd1 Be7
30.Nc4 Nxc4 31.Qxc4 Bf6 32.Rd7 Qc8 33.Rd3 Rd8 34.Rxd8+ Qxd8 35.Qxe6 Qd1+
36.Bf1 Bd4 37.Qc8+ Kh7 38.Qf5+ Kh8 39.e5 g4 40.Qf8+ Kh7 41.e6  1-0

[Event "11th Vasja Pirc Mem"]
[Site "Maribor SLO"]
[Date "2003.02.18"]
[Round "2"]
[White "Lenic,L"]
[Black "Krivec,J"]
[Result "1-0"]
[WhiteElo "2361"]
[BlackElo "2246"]

1.Nf3 d5 2.g3 c5 3.Bg2 Nc6 4.O-O e5 5.d3 Nf6 6.e4 d4 7.a4 Be7 8.Na3 O-O 9.Nh4 Bg4
10.Qe1 Qc8 11.f4 exf4 12.gxf4 Nh5 13.Bd2 Bh3 14.f5 Bxg2 15.Nxg2 Bd6 16.Qh4 g6
17.Nc4 Bc7 18.Bh6 Re8 19.Nf4 Nxf4 20.Rxf4 Bd8 21.f6 Re6 22.Bg7 Bc7 23.Qxh7+  1-0

[Event "11th Vasja Pirc Mem"]
[Site "Maribor SLO"]
[Date "2003.02.22"]
[Round "8"]
[White "Sebenik,M"]
[Black "Krivec,J"]
[Result "1/2-1/2"]
[WhiteElo "2438"]
[BlackElo "2246"]

1.Nf3 d5 2.g3 Nf6 3.Bg2 c5 4.O-O Nc6 5.d4 e6 6.c4 Be7 7.cxd5 exd5 8.Nc3 cxd4
9.Nxd4 O-O 10.Bg5 h6 11.Be3 Re8 12.Qc2 Bf8 13.Rad1 Be6 14.Nxc6 bxc6 15.Na4 Qd7
16.Rfe1 Bf5 17.Qc3 Be4 18.f3 Bc2 19.Qxc2 Rxe3 20.Nc5 Qc7 21.Rc1 Rae8 22.Kf1 Qa5
23.a3 Qb5 24.Nd3 c5 25.b3 Nd7 26.a4 Qa6 27.Nf4 Nf6 28.Nd3 Nd7 29.Nf4 Nb6
30.Red1 g5 31.Nxd5 Rxe2 32.Nf6+ Kg7 33.Nxe8+ Rxe8+ 34.Qd3 Qc8 35.a5 Na8 36.Kg1 Qc7
37.Qd7 Re1+ 38.Kf2 Qxd7 39.Rxd7 Rxc1 40.f4 Rc2+ 41.Kf1 Rc1+ 42.Kf2 Rc2+  1/2-1/2

[Event "Open"]
[Site "Cappelle la Grande FRA"]
[Date "2003.02.24"]
[Round "4"]
[White "Kengis,E"]
[Black "Romanov,O"]
[Result "1-0"]
[WhiteElo "2570"]
[BlackElo "2407"]

1.Nf3 d5 2.g3 g6 3.Bg2 Bg7 4.O-O e6 5.d4 Ne7 6.c4 Nbc6 7.e3 O-O 8.Nbd2 h6
9.b3 g5 10.Ba3 a5 11.Ne1 Re8 12.Nd3 Ng6 13.Rc1 Nce7 14.Bb2 c6 15.Re1 f5 16.a4 Kh7
17.Qh5 Rf8 18.f4 g4 19.h3 dxc4 20.Nxc4 Nd5 21.Nde5 Bxe5 22.dxe5 gxh3 23.Qxh3 Rg8
24.Kf2 Nge7 25.Rh1 Qf8 26.Bd4 b5 27.axb5 cxb5 28.Nb6 Rb8 29.Nxc8 Rxc8 30.Rxc8 Nxc8
31.Bxd5 exd5 32.Bc5  1-0

[Event "4th ch-Asia"]
[Site "Doha QAT"]
[Date "2003.02.24"]
[Round "3"]
[White "Ghaem Maghami,E"]
[Black "Ganguly,S"]
[Result "1/2-1/2"]
[WhiteElo "2500"]
[BlackElo "2556"]

1.Nf3 d5 2.g3 g6 3.Bg2 Bg7 4.O-O e5 5.d3 Ne7 6.Nbd2 O-O 7.c4 Nbc6 8.Rb1 a5
9.b3 h6 10.cxd5 Nxd5 11.Bb2 Re8 12.a3 Nd4 13.e3 Nxf3+ 14.Nxf3 c5 15.Nd2 b6
16.Nc4 Rb8 17.Qd2 Nc7 18.f4 exf4 19.Bxg7 Kxg7 20.gxf4 Bb7 21.Rf2 Nb5 22.Rbf1 Nd6
23.f5 Nxc4 24.bxc4 Bxg2 25.Rxg2 Qd6 26.fxg6 fxg6 27.Rgf2 Qe5 28.Rf7+ Kg8
29.e4 Qg5+ 30.Qxg5 hxg5 31.R7f6 Kg7 32.Rf7+ Kg8 33.Rd7 Red8 34.Rd5 Kg7 35.a4 Rf8
36.Rd7+ Kh6 37.Rd6 g4 38.Rxf8 Rxf8 39.Rxb6 Rd8 40.Rb5 Rxd3 41.Rxc5 Rc3 42.Kf2 g5
43.Rxa5 Rxc4 44.Ra6+ Kg7 45.e5 Re4 46.Kg3 Rxe5 47.Kxg4 Re2 48.h3 Rg2+ 49.Kf5 Rg3
50.Ra7+ Kf8 51.Rh7 Ra3 52.Kf6 Ke8 53.Rh8+ Kd7 54.Kxg5 Rxa4 55.h4 Ke7 56.h5 Kf7
57.Kh6 Ra5 58.Rb8 Rc5 59.Rb6 Kg8 60.Kg6 Rc8  1/2-1/2

[Event "Open"]
[Site "Cappelle la Grande FRA"]
[Date "2003.02.26"]
[Round "6"]
[White "Nalbandian,T"]
[Black "Pavasovic,D"]
[Result "1-0"]
[WhiteElo "2465"]
[BlackElo "2573"]

1.Nf3 d5 2.g3 Bg4 3.Bg2 Nd7 4.O-O Ngf6 5.d3 c6 6.Nbd2 e5 7.e4 dxe4 8.dxe4 Qc7
9.h3 Bh5 10.Qe1 Nc5 11.Nc4 Nfd7 12.b4 Ne6 13.Bb2 f6 14.a4 Bf7 15.Ne3 a5 16.c3 g6
17.h4 h5 18.Qb1 Be7 19.Rd1 Nb6 20.Qc2 O-O 21.Bc1 axb4 22.cxb4 Bxb4 23.g4 Nf4
24.g5 Be7 25.a5 Nc8 26.Nd5 Nxd5 27.exd5 Rxa5 28.d6 Bxd6 29.Rxa5 Qxa5 30.gxf6 Qa2
31.Qe4 Qc4 32.Qe3 Qe6 33.Ng5 Qf5 34.Ne4 Qd7 35.Nxd6 Nxd6 36.Ba3 Bd5 37.Bxd5+ cxd5
38.Rxd5 Qf5 39.Rxd6 Qg4+ 40.Kf1 Qc4+ 41.Ke1  1-0

[Event "4th ch-Asia"]
[Site "Doha QAT"]
[Date "2003.02.26"]
[Round "5"]
[White "Jasim,A"]
[Black "Altanoch,G"]
[Result "1-0"]
[WhiteElo "2278"]
[BlackElo "2284"]

1.Nf3 d5 2.g3 c6 3.Bg2 Bf5 4.O-O Nd7 5.d3 Ngf6 6.Nbd2 e5 7.b3 Bd6 8.e4 dxe4
9.dxe4 Bg4 10.Nc4 Be7 11.Nd6+ Kf8 12.Nf5 Bc5 13.Qe2 h5 14.h3 Bxf3 15.Qxf3 g6
16.Ne3 Kg7 17.Bb2 Re8 18.Rad1 Qc7 19.Kh1 b5 20.Qe2 Qb6 21.Rd3 Bd4 22.c3 Bc5
23.Qd2 Nf8 24.b4 Be7 25.c4 bxc4 26.Nxc4 Qxb4 27.Qc2 Ne6 28.Nxe5 Nc5 29.Rd4 Qb5
30.Rc1 Rab8 31.Ba1 Rbc8 32.Rc4 Red8 33.Kh2 Na6 34.Nxc6 Rxc6 35.Rxc6 Nb4 36.Qb3 h4
37.a3 hxg3+ 38.fxg3 Rd3 39.R6c3 Qg5 40.axb4 Qxg3+ 41.Kh1 Bd6 42.Kg1 Qe3+
43.Kh1 Qg3 44.Kg1 Qh2+ 45.Kf1 Qf4+ 46.Kg1 Qh2+ 47.Kf1 Rd2 48.Rg3 Bxg3 49.Bxf6+ Kxf6
50.Qc3+ Kg5 51.Qxd2+ Bf4 52.Rc5+ Kh6 53.Qb2 Kh7 54.Qb3 Kg7 55.Qc3+ f6 56.Rd5 Kh6
57.Qc8 Be5 58.Qc1+ Bf4 59.Qc3 Bg5 60.Rxg5 Qf4+ 61.Ke2 Qxg5 62.Qe3 Kh5 63.Qxg5+ fxg5
64.e5 Kh4 65.e6 Kg3 66.Bf1 Kh4 67.e7 Kh5 68.e8=Q Kh4 69.Kf3 g4+ 70.hxg4 g5  1-0

[Event "ch-CZE w"]
[Site "Lahucovice CZE"]
[Date "2003.02.26"]
[Round "7"]
[White "Hitzgerova,G"]
[Black "Jackova,J"]
[Result "1/2-1/2"]
[WhiteElo "2225"]
[BlackElo "2324"]

1.Nf3 d5 2.g3 Bg4 3.Bg2 Nd7 4.d3 c6 5.Nbd2 Ngf6 6.O-O e5 7.e4 Bd6 8.Qe1 O-O
9.h3 Bh5 10.Nh4 Re8 11.Nf5 Bf8 12.Nf3 a5 13.a4 Qb6 14.N3h4 Rad8 15.b3 dxe4
16.dxe4 Nc5 17.Bg5 Ne6 18.Bxf6 gxf6 19.Bf3 Bg6 20.Qe2 Qb4 21.Rad1 b5 22.axb5 cxb5
23.Rd5 Rxd5 24.exd5 Nc5 25.d6 e4 26.Rd1 a4 27.bxa4 bxa4 28.Bh5 Nd7 29.Rd4 Qb1+
30.Kg2 a3 31.Bxg6 hxg6 32.Nxg6 fxg6 33.Qc4+ Kh8 34.Qf7 gxf5 35.Qh5+ Kg8 36.Qg6+ Kh8
37.Qh5+ Kg8 38.Qg6+ Kh8  1/2-1/2

[Event "4th ch-Asia"]
[Site "Doha QAT"]
[Date "2003.02.27"]
[Round "6"]
[White "Annaberdiev,M"]
[Black "Iuldachev,S"]
[Result "0-1"]
[WhiteElo "2405"]
[BlackElo "2487"]

1.Nf3 d5 2.g3 Bg4 3.Bg2 Nd7 4.O-O c6 5.d3 Ngf6 6.Nbd2 e5 7.e4 dxe4 8.dxe4 Qc7
9.Qe2 Bc5 10.Nc4 O-O 11.a4 Rfe8 12.c3 a5 13.Ne3 Be6 14.Qc2 Qb6 15.Re1 Rad8
16.Bf1 Bb3 17.Qb1 h6 18.h3 Qa7 19.Nd2 Bxe3 20.Rxe3 Nc5 21.Ra3 Qb6 22.Be2 Be6
23.b4 Na6 24.b5 Nc5 25.Qc2 Bxh3 26.Nc4 Qc7 27.b6 Qd7 28.Nxa5 Be6 29.Ra1 Ra8
30.Nc4 Bxc4 31.Bxc4 Qg4 32.Be2 Qg6 33.Bf3 Nd5 34.Re2 Nxb6 35.Be3 Qd6 36.Bxc5 Qxc5
37.Qb3 Re7 38.a5 Rxa5 39.Rxa5 Qxa5 40.Ra2 Qc5 41.Ra7 g6 42.Bg4 Kg7 43.Qd1 Nc4
44.Ra8 Qd6 45.Qb3 b5 46.Qa2 Nb6 47.Ra6 Na4 48.c4 Nc3 49.Qa5 b4 50.Rb6 Nxe4
51.Bf3 Qd4 52.Bxe4 Qxe4 53.Qxb4 Rd7 54.Qa4 Qf3 55.Rb1 h5 56.Qa1 Rd4 57.Re1 Re4
58.Rxe4 Qxe4 59.Qc3 Qd4 60.Qe1 Kh7 61.Qe2 e4 62.Kg2 Qd3 63.Qa2 Qf3+ 64.Kh2 e3
65.fxe3 Qxe3 66.Qc2 c5 67.Kg2 Qd4 68.Kh3 Qg4+ 69.Kh2 h4 70.gxh4 Qxh4+ 71.Kg2 f5
72.Qa2 Kh6 73.Qb2 Qe4+ 74.Kg3 Qe3+ 75.Kg2 Kg5 76.Qh8 Kg4 77.Qd8 Qe2+ 78.Kg1 Qxc4
79.Qd1+ Kg5 80.Qd2+ Qf4  0-1

[Event "ch-RUS w 1st League"]
[Site "Serpukhov RUS"]
[Date "2003.02.27"]
[Round "8"]
[White "Bezgodova Filichkina,S"]
[Black "Gagloshvili,R"]
[Result "1-0"]
[WhiteElo "2259"]
[BlackElo "2224"]

1.Nf3 d5 2.g3 Bg4 3.Bg2 Nd7 4.c4 c6 5.cxd5 cxd5 6.Qa4 Bxf3 7.Bxf3 Nf6 8.d3 e6
9.Nc3 Be7 10.Bf4 a6 11.O-O O-O 12.Rac1 b5 13.Qc2 Rc8 14.Qb1 h6 15.Rfd1 Qb6
16.e4 e5 17.Bd2 Bc5 18.Be1 d4 19.Ne2 Rc7 20.b4 Bd6 21.Rxc7 Bxc7 22.Rc1 Ra8
23.Qc2 Bd8 24.Bg2 Kf8 25.Bh3 Ke8 26.f4 Ra7 27.Qc6 Qxc6 28.Rxc6 a5 29.a3 axb4
30.Bxb4 Rc7 31.Rxc7 Bxc7 32.Kg2 g5 33.fxg5 hxg5 34.Bf5 Ng8 35.Kf3 Ndf6 36.Nc1 Nh6
37.Bc8 g4+ 38.Ke2 Kd8 39.Ba6 Nd7  1-0

[Event "Open"]
[Site "Cappelle la Grande FRA"]
[Date "2003.02.28"]
[Round "8"]
[White "Kengis,E"]
[Black "Efimov,I"]
[Result "1-0"]
[WhiteElo "2570"]
[BlackElo "2480"]

1.Nf3 d5 2.g3 Nf6 3.Bg2 g6 4.c4 c6 5.b3 Bg7 6.Bb2 O-O 7.O-O a5 8.d3 Na6 9.Nbd2 a4
10.Bc3 Re8 11.bxa4 Nc5 12.a5 Be6 13.Ng5 Bc8 14.cxd5 Nxd5 15.Bxg7 Kxg7 16.Nc4 e5
17.Qd2 f6 18.Ne4 Nxe4 19.Bxe4 Be6 20.Rab1 Ra7 21.Rfc1 Re7 22.a4 Bf7 23.Rb2 Nc7
24.Qe3 Ra6 25.Rcb1 Bxc4 26.dxc4 Rxa5 27.Rxb7 Rxa4 28.Qc5 Rf7 29.Bxc6 Ra2
30.Bd5 Rd7 31.Rb8 Qe7 32.Rg8+ Kh6 33.Qe3+ g5 34.h4 Nxd5 35.hxg5+ fxg5 36.cxd5 Ra3
37.Kg2  1-0